000 00358pam a2200157a 44500
008 230515b1995 xxu||||| |||| 00| 0 eng d
020 _aNULL
041 _aENGLISH
082 _aN.D.
100 _aHorowitz E.
245 _aFundamentals Of Programming Language
250 _a0
260 _aNULL
_bGalgotia Pub.
_c1995
300 _a446
650 _aNULL
999 _c576633
_d576633